[Event "SLO-chT U20"]
[Site "Nova Gorica"]
[Date "2009.08.24"]
[Round "5"]
[White "Jordan, Marko"]
[Black "Skuhala, Luka"]
[Result "0-1"]
[WhiteElo "1559"]
[BlackElo "1604"]
[PlyCount "108"]
[EventDate "2009.08.22"]
[EventType "team-tourn"]
[EventRounds "9"]
[EventCountry "SLO"]
[SourceTitle "CBM 132 Extra"]
[Source "ChessBase"]
[SourceDate "2009.11.03"]
[SourceVersion "1"]
[SourceVersionDate "2009.11.03"]
[SourceQuality "1"]

1. e4 c5 2. Nf3 e6 3. d4 cxd4 4. Nxd4 a6 5. Nc3 b6 6. g3 Bb7 7. Bg2 Nf6 8. 0-0 Bb4 9. Re1 e5 10. Nf5 0-0 11. Nd6 Bxd6 12. Qxd6 Re8 13. Bh3 h6 14. Nd5 Nxd5 15. exd5 f6 16. Be3 b5 17. Rad1 Kh7 18. Bb6 Qe7 19. Qc7 d6 20. f4 Kg8 21. Qxe7 Rxe7 22. Bd8 Re8 23. Bc7 Bc8 24. Bg2 Nd7 25. Bxd6 a5 26. fxe5 fxe5 27. Bh3 Nb6 28. Bf1 b4 29. Bxe5 Bg4 30. Rd4 Nd7 31. Rxg4 Nxe5 32. Bb5 Nf3+ 33. Kf2 Rxe1 34. Kxf3 Rf8+ 35. Rf4 Rb1 36. d6 Rxf4+ 37. Kxf4 Kf7 38. Ke5 Rxb2 39. Ba4 Rb1 40. Bb3+ Ke8 41. Kf5 Rd1 42. d7+ Kxd7 43. Kg6 Rh1 44. h4 Rg1 45. Kxg7 Rxg3+ 46. Kxh6 Ke7 47. h5 Kf6 48. Bc4 Rg2 49. Bd3 a4 50. Bb5 b3 51. cxb3 a3 52. Bc4 Rxa2 53. b4 Rc2 54. Bg8 Rc8 0-1

[Event "SLO-chT U20 17th"]
[Site "Murska Sobota"]
[Date "2008.08.26"]
[Round "2.3"]
[White "Nadvesnik, Maja"]
[Black "Jordan, Marko"]
[Result "1-0"]
[WhiteElo "1841"]
[BlackElo "1512"]
[PlyCount "61"]
[EventDate "2008.08.30"]
[EventType "team-tourn"]
[EventRounds "7"]
[EventCountry "SLO"]
[SourceTitle "EXT 2010"]
[Source "ChessBase"]
[SourceDate "2010.11.25"]
[SourceVersion "1"]
[SourceVersionDate "2010.11.25"]
[SourceQuality "1"]
[WhiteTeam "Komenda"]
[BlackTeam "Triglav Krsko"]
[WhiteTeamCountry "SLO"]
[BlackTeamCountry "SLO"]

1. e4 e5 2. Nf3 Nc6 3. Bb5 d6 4. d4 exd4 5. Qxd4 Bd7 6. Bxc6 Bxc6 7. Nc3 Nf6 8. Bg5 Be7 9. 0-0-0 h6 10. Bf4 0-0 11. g4 Nh7 12. Nd5 Bg5 13. Nxg5 Nxg5 14. Qd3 Ne6 15. Bg3 Nc5 16. Qe3 Re8 17. f3 a5 18. Nxc7 Qxc7 19. Bxd6 Qc8 20. Qxc5 Qe6 21. Kb1 Ra6 22. Bc7 Bxe4 23. fxe4 Rc6 24. Qxa5 Ra6 25. Qd5 Qxg4 26. Rhf1 Rxe4 27. Qxf7+ Kh8 28. Rg1 Rd4 29. Rc1 Rd7 30. Qf8+ Kh7 31. Rxg4 1-0

[Event "SLO-ch U14"]
[Site "Postojna"]
[Date "2008.02.26"]
[Round "3"]
[White "Lucovnik, Tilen"]
[Black "Jordan, Marko"]
[Result "1-0"]
[WhiteElo "1523"]
[BlackElo "1500"]
[PlyCount "71"]
[EventDate "2008.02.24"]
[EventType "swiss"]
[EventRounds "9"]
[EventCountry "SLO"]
[SourceTitle "EXT 2010"]
[Source "ChessBase"]
[SourceDate "2010.11.25"]
[SourceVersion "1"]
[SourceVersionDate "2010.11.25"]
[SourceQuality "1"]

1. e4 e5 2. Nf3 Nc6 3. c3 d6 4. Be2 Bg4 5. 0-0 Nf6 6. d4 Nxe4 7. d5 Ne7 8. Qa4+ Qd7 9. Qxe4 f5 10. Qc4 Bxf3 11. Bxf3 0-0-0 12. Be3 b6 13. a4 f4 14. Bd2 g5 15. Qa6+ Kb8 16. Na3 g4 17. Nb5 Nc8 18. Bxg4 Qxg4 19. f3 Qg7 20. a5 Rg8 21. Rf2 h5 22. Nxa7 Nxa7 23. axb6 cxb6 24. Qxb6+ Qb7 25. Qxd8+ Nc8 26. b4 h4 27. Qxh4 Nb6 28. Qd8+ Nc8 29. Qa5 Be7 30. Qa6 Bd8 31. Qxb7+ Kxb7 32. Kf1 Nb6 33. Ra5 Nc4 34. Rb5+ Ka7 35. Bc1 Bh4 36. Ra2+ 1-0